| 000 | 01522nam0a22003611 4500 | ||
|---|---|---|---|
| 001 | rc\2189152 | ||
| 005 | 20110826162614.9 | ||
| 035 | _a(NLR Aleph) 006539553 | ||
| 090 |
_a6621729 _c6621729 |
||
| 100 | _a20110826g19781979|||y0rusy50 ca | ||
| 101 | 0 | _arus | |
| 102 | _aRU | ||
| 105 | _aa z ||||| | ||
| 200 | 1 |
_aМатематическое обеспечение построения сплайн-распределений _f[Разраб. Приставкой А.Ф., Гадышевым В.А., Карнаушко В.С.] |
|
| 210 |
_aКиев _cИК _d1978 (вып. дан. 1979) |
||
| 215 |
_a264 с. _cил. _d20 |
||
| 225 | 1 |
_aМатематическое обеспечение _fАН УССР, Ин-т кибернетики, Респ. фонд алгоритмов и программ |
|
| 300 | _aАвт. указаны на обороте тит. л. | ||
| 320 | _aБиблиогр.: с. 259-261 (30 назв.) | ||
| 606 |
_aРаспределения (мат.) _jЗадачи _xРешение на вычислительных машинах _2psbo |
||
| 686 |
_aВ172,1с31,0 _2rubbk |
||
| 686 |
_aВ192.11с31,0 _2rubbk |
||
| 701 | 1 |
_aКарнаушко _bВ. С. |
|
| 701 | 1 |
_aПриставка _bА. Ф. |
|
| 701 | 1 |
_aГадышев _bВ. А. |
|
| 712 | 0 | 2 |
_aИнститут кибернетики _cКиев |
| 801 | 0 |
_aRU _bNLR _gpsbo |
|
| 801 | 1 |
_aRU _bELAR _2rusmarc |
|
| 852 |
_aNLR _j79-3/8559 |
||
| 899 |
_aRuMoRGB _jB 79-43/238 |
||
| 899 |
_aRuMoRGB _jB 79-43/239 |
||
| 942 | _cBOOK | ||
| 980 | _aNB | ||